| 000 | 00448nam a22001457a 4500 | ||
|---|---|---|---|
| 999 |
_c532536 _d532536 |
||
| 020 | _qHard Cover. | ||
| 100 | _aAhmad, Rabeea | ||
| 245 |
_aEffect of risk management framework on firm Stability / _cRabeea Ahmad. |
||
| 260 |
_aIslamabad : _bNBS - NUST, _c2014. |
||
| 300 |
_avi, 42 p. : ; _c30cm. |
||
| 942 |
_2ddc _cTHE |
||
| 650 |
_aMBS Thesis. _917892 |
||
| 700 |
_aMr. Tariq Abassi. _918180 |
||